<?xml version="1.0" encoding="UTF-8"?>
<record
    xmlns:xsi="http://www.w3.org/2001/XMLSchema-instance"
    xsi:schemaLocation="http://www.loc.gov/MARC21/slim http://www.loc.gov/standards/marcxml/schema/MARC21slim.xsd"
    xmlns="http://www.loc.gov/MARC21/slim">

  <leader>02208nam a2200349 a 4500</leader>
  <controlfield tag="001">000000384206</controlfield>
  <controlfield tag="003">IT-MiSPE</controlfield>
  <controlfield tag="005">20200904160503.0</controlfield>
  <controlfield tag="008">100607s2010    it            000 0 ita d</controlfield>
  <datafield tag="020" ind1=" " ind2=" ">
    <subfield code="a">9788870946956</subfield>
    <subfield code="c">28.00 EUR</subfield>
  </datafield>
  <datafield tag="040" ind1=" " ind2=" ">
    <subfield code="a">IT-MiSPE</subfield>
    <subfield code="b">ita</subfield>
    <subfield code="d">ip</subfield>
    <subfield code="c">IT-MiSPE</subfield>
  </datafield>
  <datafield tag="041" ind1="1" ind2=" ">
    <subfield code="a">ita</subfield>
    <subfield code="h">arm</subfield>
  </datafield>
  <datafield tag="082" ind1=" " ind2=" ">
    <subfield code="a">270.008-ELI ar su (axa 23269)</subfield>
  </datafield>
  <datafield tag="100" ind1="0" ind2=" ">
    <subfield code="a">Elisaeus</subfield>
    <subfield code="c">s.,</subfield>
    <subfield code="d">449-ca.480.</subfield>
    <subfield code="9">58414</subfield>
  </datafield>
  <datafield tag="245" ind1="1" ind2="0">
    <subfield code="a">Sulla Passione, Morte e Risurrezione del Signore /</subfield>
    <subfield code="c">Eliseo l'Armeno ; introduzione, traduzione e note Riccardo Pane.</subfield>
  </datafield>
  <datafield tag="260" ind1=" " ind2=" ">
    <subfield code="a">Roma :</subfield>
    <subfield code="b">Edizioni San Clemente  ;</subfield>
    <subfield code="a">Bologna :</subfield>
    <subfield code="b">Edizioni Studio Domenicano,</subfield>
    <subfield code="c">2010.</subfield>
  </datafield>
  <datafield tag="300" ind1=" " ind2=" ">
    <subfield code="a">420 p. ;</subfield>
    <subfield code="c">19,5 cm</subfield>
  </datafield>
  <datafield tag="490" ind1="1" ind2=" ">
    <subfield code="a">I talenti ;</subfield>
    <subfield code="v">005</subfield>
  </datafield>
  <datafield tag="504" ind1=" " ind2=" ">
    <subfield code="a">Contiene riferimenti bibliografici e indici</subfield>
  </datafield>
  <datafield tag="520" ind1=" " ind2=" ">
    <subfield code="a">"Sulla passione, morte e risurrezione del Signore" &#xE8; un ciclo di omelie, raccolte dalla tradizione in un unico grande testo continuo, che ci fanno scoprire lo spessore spirituale e teologico di Eliseo l'Armeno. Sono meditazioni intense, toccanti, che alternano tratti di profonda riflessione teologica a pennellate di raro lirismo, ripercorrendo le vicende di Ges&#xF9;, il Cristo, dall'agonia nel Getsemani alle prime predicazioni missionarie degli apostoli. Costituiscono un vero e proprio capolavoro, fino ad oggi sconosciuto al grande pubblico. E, come ogni capolavoro, esse riescono ad affascinare sia il lettore pi&#xF9; esigente, interessato alla teologia patristica, sia il lettore meno esperto, che cerca solo una meditazione sui misteri della Pasqua.</subfield>
    <subfield code="b">Questa &#xE8; la prima edizione che affianca, al testo antico, la traduzione italiana a fronte ed &#xE8; corredata da un ricco apparato di commenti e note.</subfield>
  </datafield>
  <datafield tag="546" ind1=" " ind2=" ">
    <subfield code="a">Traduzione italiana con testo armeno a fronte</subfield>
  </datafield>
  <datafield tag="600" ind1=" " ind2=" ">
    <subfield code="a">Pane, Riccardo</subfield>
    <subfield code="d">1972-</subfield>
    <subfield code="t">curatore</subfield>
    <subfield code="9">58424</subfield>
  </datafield>
  <datafield tag="655" ind1=" " ind2="7">
    <subfield code="a">Patrologia orientale</subfield>
    <subfield code="x">Vari autori.</subfield>
    <subfield code="2">local</subfield>
    <subfield code="9">58417</subfield>
  </datafield>
  <datafield tag="655" ind1=" " ind2="7">
    <subfield code="a">Ges&#xF9; Cristo. Vita e misteri</subfield>
    <subfield code="x">Passione - Morte - Risurrezione.</subfield>
    <subfield code="2">local</subfield>
    <subfield code="9">58425</subfield>
  </datafield>
  <datafield tag="700" ind1="1" ind2=" ">
    <subfield code="a">Pane, Riccardo,</subfield>
    <subfield code="c">sac.,</subfield>
    <subfield code="d">1972-,</subfield>
    <subfield code="e">ed.</subfield>
    <subfield code="9">58418</subfield>
  </datafield>
  <datafield tag="830" ind1=" " ind2="2">
    <subfield code="a">I talenti ;</subfield>
    <subfield code="v">005.</subfield>
    <subfield code="9">58352</subfield>
  </datafield>
  <datafield tag="942" ind1=" " ind2=" ">
    <subfield code="2">ddc</subfield>
    <subfield code="c">BK</subfield>
  </datafield>
  <datafield tag="990" ind1="1" ind2="0">
    <subfield code="a">90001a</subfield>
    <subfield code="b">10004acd</subfield>
  </datafield>
  <datafield tag="999" ind1=" " ind2=" ">
    <subfield code="c">358863</subfield>
    <subfield code="d">358863</subfield>
  </datafield>
  <datafield tag="952" ind1=" " ind2=" ">
    <subfield code="0">0</subfield>
    <subfield code="1">0</subfield>
    <subfield code="2">ddc</subfield>
    <subfield code="4">0</subfield>
    <subfield code="6">270_000000000000000_008ELI_AR_SU_AXA_23269</subfield>
    <subfield code="7">1</subfield>
    <subfield code="a">CINISELLO</subfield>
    <subfield code="b">CINISELLO</subfield>
    <subfield code="d">2020-09-04</subfield>
    <subfield code="l">0</subfield>
    <subfield code="o">270.008-ELI ar su (axa 23269)</subfield>
    <subfield code="p">9788870946956</subfield>
    <subfield code="r">2020-09-04 00:00:00</subfield>
    <subfield code="w">2020-09-04</subfield>
    <subfield code="y">BK</subfield>
  </datafield>
</record>
